000 00543nam a2200169 a 4500
005 20240911064712.0
008 991125s1980 mx 000 0 spa u
035 _aUPN01000010461
049 _aF
050 4 _aHM1206
_bC6.4
245 0 3 _aLa comunicación para la educación ambiental.
260 _aMéxico :
_bSEDUE, Dirección General de Promoción Ambiental y Participación Comunitaria,
_c[1980?].
300 _a46 p.
650 7 _aComunicación
_xAspectos sociales
_2
_96056
650 4 _aNATURALEZA -
_xCONSERVACION
_924
905 _aLibro
999 _c10461
_d10461